Of povety and plastic : (Record no. 31949)

MARC details
000 -LEADER
fixed length control field 01416cam a2200301 a 4500
005 - DATE AND TIME OF LATEST TRANSACTION
control field 20060727202709.0
010 ## - LCCN (DPL NO)
LC control number ENG-95513 B-444786
020 ## - INTERNATIONAL STANDARD BOOK NUMBER
International Standard Book Number 9780198060864
Terms of availability 650.00
020 ## - INTERNATIONAL STANDARD BOOK NUMBER
International Standard Book Number 0198060866
Terms of availability 650.00
035 ## - SYSTEM CONTROL NUMBER
System control number EN-79046 B-444786
037 ## - SOURCE OF ACQUISITION
Source of stock number/acquisition DBAD/PUB
037 ## - SOURCE OF ACQUISITION
Source of stock number/acquisition Allied Pub
082 ## - DEWEY DECIMAL CLASSIFICATION NUMBER
Classification number 363.72820954
100 ## - MAIN ENTRY--PERSONAL NAME
Personal name Gill, Kaveri
245 ## - TITLE STATEMENT
Title Of povety and plastic :
Statement of responsibility, etc by Kavery Gill
Remainder of title scavenging and scrap trading entrepreneurs in India's urban informal economy /
260 ## - PUBLICATION, DISTRIBUTION, ETC. (IMPRINT)
Place of publication, distribution, etc New Delhi
Name of publisher, distributor, etc Oxford University Press
Date of publication, distribution, etc 2010
270 ## - ADDRESS
Address YMCA building, Jai singh road
City New Delhi
Postal code 110001
300 ## - PHYSICAL DESCRIPTION
Extent xiii, 280p.
Dimensions 22 cm (Hb)
504 ## - BIBLIOGRAPHY, ETC. NOTE
Bibliography, etc Includes bibliographical references and Index
650 ## - SUBJECT ADDED ENTRY--TOPICAL TERM
Topical term or geographic name as entry element Recycling industry
General subdivision India
650 ## - SUBJECT ADDED ENTRY--TOPICAL TERM
Topical term or geographic name as entry element Plastic scrap
General subdivision India
856 ## - ELECTRONIC LOCATION AND ACCESS
Uniform Resource Identifier http://www.loc.gov/catdir/enhancements/fy0640/97900357-d.html
942 ## - ADDED ENTRY ELEMENTS (KOHA)
Source of classification or shelving scheme Dewey Decimal Classification
Item type English Books
Call number suffix GIL
Classification part 363.72820954
Holdings
Withdrawn status Lost status Not for loan Collection code Home library Current library Date acquired Source of acquisition Cost, normal purchase price Full call number Barcode Copy number Cost, replacement price Koha item type
      Non-fiction Central Library Central Library 05/01/2012 Allied/1045/13.09.11/78/14.3.11/12.10.2011 650.00 363.72820954 GIL B-444786 1 650.00 English Books
    Not For Loan Non-fiction D.B.Act.Division D.B.Act.Division 19/11/2009 DBAD / PUB 650.00 GIL EN-79046 1 650.00 English Books

© Delhi Public Library
Hit Counter
free hit counter